Правильное общество

מידע ביבליוגרפי
מחבר ראשי: Липатов А. А.
סיכום:Эта книга — о праве и «правильности», о том, как право формирует порядок, и о том, как соотносятся нормы права и морали. То есть о главном. Потому что история России, как минимум со времен Петра Романова, искорежена какой-то неизбывной верой в то, что законы — это от лукавого, «вы» навязываете их «нам», потому что сила на вашей стороне, хотя супостаты и нечестивы, но есть Божий суд, и поэтому — есть у нас право плевать на ваши законы. Только тихо, чтобы вы нас не поймали. Эта полумистическая концепция права, оправдывающая отторжение государства, стоит и за церковным расколом XVII в., и за чудовищным масштабом теневой экономики в 90-е гг. XX в., тотальным разрушением концепции капитала и незыблемости прав собственности, и даже за борьбой с «правовым нигилизмом» и призывами к «диктатуре закона» в начале XXI в. Поэтому книга Андрея Липатова, если хотите, — знак надежды. Во-первых, потому что она есть и она об этом. Во-вторых, потому что она написана не теоретиком, а челове­ком с опытом реального управления большими системами. А в-третьих, потому что она написана представителем поколения 30-летних, которым хватает воли, свободы мысли и образованности, чтобы наконец задать самые важные вопросы. Моисей, как известно, должен был водить свой народ по пустыне 40 лет, пока не умрет последний, кто видел рабство. Мы от этого далеки. Но это первое поколение, которое не видело рабства. И лет через 10-15 управлять страной будут они. К счастью.
שפה:רוסית
יצא לאור: Санкт-Петербург, Питер, 2015
נושאים:
פורמט: ספר
KOHA link:https://koha.lib.tpu.ru/cgi-bin/koha/opac-detail.pl?biblionumber=304746

MARC

LEADER 00000nam0a2200000 4500
001 304746
005 20231102001731.0
010 |a 9785496012935 
035 |a (RuTPU)RU\TPU\book\329993 
090 |a 304746 
100 |a 20150918d2015 km y0rusy50 ca 
101 0 |a rus 
102 |a RU 
105 |a a z 001zy 
200 1 |a Правильное общество  |f А. А. Липатов 
210 |a Санкт-Петербург  |c Питер  |d 2015 
215 |a 254 с.  |c ил. 
320 |a Библиография в конце глав. 
330 |a Эта книга — о праве и «правильности», о том, как право формирует порядок, и о том, как соотносятся нормы права и морали. То есть о главном. Потому что история России, как минимум со времен Петра Романова, искорежена какой-то неизбывной верой в то, что законы — это от лукавого, «вы» навязываете их «нам», потому что сила на вашей стороне, хотя супостаты и нечестивы, но есть Божий суд, и поэтому — есть у нас право плевать на ваши законы. Только тихо, чтобы вы нас не поймали. Эта полумистическая концепция права, оправдывающая отторжение государства, стоит и за церковным расколом XVII в., и за чудовищным масштабом теневой экономики в 90-е гг. XX в., тотальным разрушением концепции капитала и незыблемости прав собственности, и даже за борьбой с «правовым нигилизмом» и призывами к «диктатуре закона» в начале XXI в. Поэтому книга Андрея Липатова, если хотите, — знак надежды. Во-первых, потому что она есть и она об этом. Во-вторых, потому что она написана не теоретиком, а челове­ком с опытом реального управления большими системами. А в-третьих, потому что она написана представителем поколения 30-летних, которым хватает воли, свободы мысли и образованности, чтобы наконец задать самые важные вопросы. Моисей, как известно, должен был водить свой народ по пустыне 40 лет, пока не умрет последний, кто видел рабство. Мы от этого далеки. Но это первое поколение, которое не видело рабства. И лет через 10-15 управлять страной будут они. К счастью. 
606 1 |a Российское общество  |x Социологические исследования  |2 stltpush  |3 (RuTPU)RU\TPU\subj\73339  |9 86371 
610 1 |a общество 
610 1 |a общественное развитие 
610 1 |a общественное самосознание 
610 1 |a экономика 
610 1 |a справедливость 
610 1 |a доверие 
610 1 |a общественные отношения 
610 1 |a Россия 
610 1 |a общественное устройство 
610 1 |a коллективизм 
610 1 |a стабильность 
610 1 |a политическая система 
610 1 |a столица 
610 1 |a регионы 
610 1 |a города 
610 1 |a девиация 
610 1 |a власть 
686 |a С59(2)  |v LBC/SL-A  |2 rubbk 
700 1 |a Липатов  |b А. А. 
801 1 |a RU  |b 63413507  |c 20150918 
801 2 |a RU  |b 63413507  |c 20151127  |g RCR 
942 |c BK 
959 |a 119/20150918  |d 1  |e 418,60  |f ЧЗГЛ:1